Top Grape Consuming Countries Per-Capita - Statistics

General Stats
  • This quiz has been taken 202 times
  • The average score is 11 of 20
Answer Stats
# kg. Answer % Correct
19 13.25 France
86%
5 26.25 Greece
81%
6 24.99 Turkey
75%
14 15.19 Israel
65%
12 15.82 Iran
64%
11 16 Croatia
58%
15 14.78 Egypt
57%
18 13.34 Serbia
57%
1 52.6 Albania
56%
17 13.41 Romania
56%
16 14.14 Armenia
53%
4 32.75 Slovenia
53%
2 45.45 North Macedonia
52%
20 12.69 Azerbaijan
49%
9 19.76 Moldova
49%
13 15.23 Kazakhstan
45%
3 33.81 Uzbekistan
45%
10 17.9 Afghanistan
42%
8 21.45 Tajikistan
42%
7 24.49 Turkmenistan
42%
No matching quizzes found
Score Distribution
Percent of People with Each Score
Percentile by Number Answered
Your Score History
You have not taken this quiz